Chinesische Geographie auf der Karte - Statistiken

Allgemein
  • Dieses Quiz wurde 176 mal gespielt
  • Das Durchschnittsergebnis liegt bei 11 aus 25
Antworten auf der Karte
Die Antworten werden auf der Karte rot bzw. grün angezeigt, abhängig davon wie oft sie richtig erraten wurden.
 
Antwortstatistiken
Antwort % Korrekt
Peking
95%
Himalaya
85%
Hongkong
84%
Everest
75%
Shanghai
75%
Wüste Gobi
72%
Tibet
71%
K2
67%
Guangzhou
60%
Gelber Fluss
59%
Mekong
59%
Jangtsekiang
56%
Xi'an
50%
Hainan
47%
Innere Mongolei
40%
Chengdu
29%
Harbin
28%
Guangdong
17%
Hubei
16%
Perlfluss
12%
Shandong
8%
Qinghai-See
4%
Liaodong
2%
Kailash
1%
Tianzi
0%
Keine übereinstimmenden Quizze gefunden
Verteilung der Resultate
Anzahl Personen mit jedem Resultat
Perzentil nach korrekt beantworteten Fragen
Ihre Resultats-Entwicklung
Sie haben dieses Quiz noch nicht gespielt